LEADER 01273nam 2200361 450 001 9910147228203321 005 20231206041500.0 035 $a(CKB)1000000000035442 035 $a(NjHacI)991000000000035442 035 $a(EXLCZ)991000000000035442 100 $a20231206d2004 uy 0 101 0 $aeng 135 $aur||||||||||| 181 $ctxt$2rdacontent 182 $cc$2rdamedia 183 $acr$2rdacarrier 200 10$aANSI N42.32-2003: $eAmerican National Standard Performance Criteria for Alarming Personal Radiation Detectors for Homeland Security /$fIEEE 210 1$aNew York, NY :$cIEEE,$d2004. 215 $a1 online resource (vi, 25 pages) 311 $a0-7381-3937-8 330 $aPerformance specifications, design criteria, and testing methods are provided for the evaluation of radiation detection instruments that are pocket sized and carried on the body. 517 $aANSI N42.32-2003 606 $aNational security$zUnited States 606 $aRadiation warning systems 615 0$aNational security 615 0$aRadiation warning systems. 676 $a355.033073 801 0$bNjHacI 801 1$bNjHacl 906 $aDOCUMENT 912 $a9910147228203321 996 $aANSI N42.32-2003$93647399 997 $aUNINA LEADER 01256nas 2200421-a 450 001 9910134750203321 005 20260218111934.0 011 $a2183-0460 035 $a(CKB)110992357367332 035 $a(CONSER)---94649019- 035 $a(DE-599)ZDB2430073-1 035 $a(MiAaPQ)3882652 035 $a(DE-599)3200929-X 035 $a(EXLCZ)99110992357367332 100 $a19870529a197u9999 --- - 101 0 $apor 181 $ctxt$2rdacontent 182 $cc$2rdamedia 183 $acr$2rdacarrier 200 00$aRevista da Faculdade de Letras$iHistória /$fUniversidade do Porto 210 $aPorto $cA Faculdade 215 $a1 online resource 300 $aRefereed/Peer-reviewed 311 08$a0871-164X 531 $aREVISTA DA FACULDADE DE LETRAS DO PORTO 531 $aREVISTA DA FACULDADE DE LETRAS 531 1 $aRev. Fac. Let., Sér. hist. 607 $aPortugal$xHistory$vPeriodicals 607 $aPortugal$2fast 608 $aHistory.$2fast 608 $aPeriodicals.$2fast 676 $a946.9/005 712 02$aUniversidade do Porto.$bFaculdade de Letras. 906 $aJOURNAL 912 $a9910134750203321 920 $aexl_impl conversion 996 $aRevista da Faculdade de Letras$91324010 997 $aUNINA